Love Of My Life - Harry Styles (All Lyrics) - Statistics

General Stats
  • This quiz has been taken 54 times
  • The average score is 172 of 208
Answer Stats
Lyrics % Correct
life,
100%
life
100%
love
100%
my
100%
of
100%
the
100%
we
100%
were
100%
where
100%
you
100%
baby,
97%
a
95%
I
92%
it
89%
maybe
89%
maybe,
89%
do
87%
it's
87%
to
87%
when
87%
dont
84%
don't
84%
find
84%
know
84%
like
84%
time
84%
all
82%
but
82%
but,
82%
can
82%
every
82%
me
82%
on
82%
what's
82%
with
82%
always
79%
are
79%
for
79%
go
79%
leave
79%
lost
79%
news,
79%
not
79%
'til
79%
us
79%
and
76%
away
76%
ooh
76%
take
76%
in
74%
really
74%
that
74%
afternoon
71%
behind
71%
same,
71%
same?
71%
Sunday
71%
wanted
71%
at
68%
hotel,
68%
name
68%
someone
68%
anymore
66%
back
66%
elses
66%
fly
66%
somethin'
66%
get
63%
just
63%
place,
63%
through
63%
usin'
63%
land
61%
walk
61%
your
61%
as
58%
woah
58%
you'll
58%
been
55%
friends
55%
remember
55%
they
55%
unfortunate,
55%
well
55%
doin'
53%
everything
53%
half
53%
i've
53%
pretend
53%
ends
50%
won't
50%
Jonny's
45%
coordinates,
42%
creases
37%
No matching quizzes found
Score Distribution
Percent of People with Each Score
Percentile by Number Answered
Your Score History
You have not taken this quiz